000 00517nam a22001937a 4500
003 OSt
005 20140310183124.0
008 130517t xxu||||| |||| 00| 0 eng d
050 _aL 601
_b.G643 2002
082 _aFIL 959.9092
_bG643 2002
245 _aAn Unfinished symphony : 934 days at DECS
_cGonzalez, Andrew.
260 _aManila
_bAndrew Gonzalez
_c 2002
300 _a140 p.
_c23 cm.
521 _acollege students
526 _c1210L-1700L
541 _j1
562 _e1
942 _2lcc
_cBK
_kFIL
999 _c18984
_d18984